Real Academia de Jurisprudencia y Legislación (Record no. 171736)
[ view plain ]
| 000 -LEADER | |
|---|---|
| campo de control de longitud fija | 00579nam a22001575i 4500 |
| 001 - NÚMERO DE CONTROL | |
| campo de control | 171736 |
| 003 - IDENTIFICADOR DE NÚMERO DE CONTROL | |
| campo de control | ES-MaACL |
| 005 - FECHA Y HORA DE LA ÚLTIMA TRANSACCIÓN | |
| campo de control | 20260127062552.0 |
| 008 - DATOS DE LONGITUD FIJA--INFORMACIÓN GENERAL | |
| campo de control de longitud fija | 090527s1920 sp |||| | spa d |
| 100 1# - ENTRADA PRINCIPAL--NOMBRE DE PERSONA | |
| Nombre de persona | Soler y Pérez, Francisco, |
| Fechas asociadas al nombre | 1887-1922 |
| 9 (RLIN) | 107201 |
| 245 10 - MENCIÓN DEL TÍTULO | |
| Título | Real Academia de Jurisprudencia y Legislación |
| Resto del título | : resumen crítico del curso de 1919 a 1920 / |
| Mención de responsabilidad, etc. | Francisco Soler y Pérez. |
| 260 ## - PUBLICACIÓN, DISTRIBUCIÓN, ETC. | |
| Lugar de publicación, distribución, etc. | Madrid : |
| Nombre del editor, distribuidor, etc. | Reus, |
| Fecha de publicación, distribución, etc. | 1920. |
| 700 ## - ENTRADA AGREGADA--NOMBRE PERSONAL | |
| Nombre de persona | Real Academia de Jurisprudencia y Legislación de España |
| 9 (RLIN) | 217612 |
| 852 ## - LOCALIZACIÓN | |
| Ubicación | ES-MaACL |
| Número de control de estantería | 1603-F-13 |
| Estatus retirado | Estado de pérdida | Estado de daño | No para préstamo | Colección | Biblioteca de origen | Biblioteca actual | Ubicación en estantería | Fecha de adquisición | Fuente de adquisición | Total de préstamos | Signatura topográfica completa | Código de barras | Visto por última vez | Precio de reemplazo | Tipo de ítem Koha |
|---|---|---|---|---|---|---|---|---|---|---|---|---|---|---|---|
| Colección de folletos | Biblioteca del Ateneo de Madrid | Biblioteca del Ateneo de Madrid | Depósito folletos | 27/05/2009 | 1603-F-13 | 1180222 | 23/02/2023 | 23/02/2023 | Folleto |
